00811nam a22002057a 450000500170000000800410001702000180005804000520007604100080012810000250013624501120016126000740027330000330034749000510038065000290043165000130046065000370047370000280051076500670053820140903174955.0131105s2013 ag a frn 000 0 spa  a9789505183531 aCO-BoUCMcAngélica RojasdAldemar Mondragón00aspa1 aMeyer, Micheld1950-10aPrincipia rhetorica una teoría general de la argumentacióncMichel Meyer ; traducción de Irene Agoff aBuenos Aires (Argentina)aMadrid (España)bAmorrortu Editoresc2013 a347 páginasbilustraciones0 aBiblioteca de Filosofía (Amorrortu Editores) 7aFilosofía del lenguaje 7aLógica 7aRetóricaxHistoria y crítica1 aAgoff, Ireneetraductor tPrincipia rhetorica théorie générale de l'argumentation